Disposiciones sobre formación de capataces agrícolas
Publicado:
Madrid :
Ministerio de Agricultura. Dirección General de Coordinación, Crédito y Capacitación Agraria. Sección de Capacitación ,
1956
Descripción Física:
18 p. ; 16 cm
Otros Autores:
Espanya. Ministerio de Agricultura. Sección de Capacitación
Materias:
Agrònoms -- Formació
MARC
| LEADER | 00000nam a2200000Ia 4500 | ||
|---|---|---|---|
| 001 | 22573 | ||
| 008 | 160829s1956 xx 000 0 cat d | ||
| 080 | |a FU-56-22 | ||
| 245 | |a Disposiciones sobre formación de capataces agrícolas | ||
| 260 | |a Madrid : |b Ministerio de Agricultura. Dirección General de Coordinación, Crédito y Capacitación Agraria. Sección de Capacitación, |c 1956 | ||
| 300 | |a 18 p. ; |c 16 cm | ||
| 650 | |a Agrònoms |x Formació |9 44566 | ||
| 700 | |a Espanya. Ministerio de Agricultura. Sección de Capacitación |9 44567 | ||
| 856 | 4 | |u https://media.diba.cat/diba/fitxers/arxiu/fulletons/bib_22573_1956_baixa.pdf |y Accés lliure | |
| 856 | 4 | |u https://media.diba.cat/diba/fitxers/arxiu/fulletons/bib_22573_1956_baixa.pdf |y Accés lliure | |
| 901 | |a Arxiu | ||
| 942 | |n 1 |2 udc | ||
| 952 | |0 0 |1 0 |4 0 |6 FU5622 |7 1 |9 52009 |a Arxiu |b Arxiu |d 2016-12-01 |l 0 |o FU-56-22 |p 22573 |r 2016-12-01 00:00:00 |w 2016-12-01 |y ARXIU | ||
| 999 | |c 55857 |d 55857 | ||
| 900 | |a bib_22573_1956_baixa.pdf | ||